LEADER 00774cam0 22002533 450 001 SOB019551 005 20210216094348.0 010 $a8433909932 100 $a20040211d1984 |||||ita|0103 ba 101 $aspa 102 $aSP 200 1 $aGasolina$fQuim Monzò$gTraducciòn de Joaquìn Jordà 210 $aBarcelona$cEditorial Anagrama$d1984 215 $a184 p.$d20 cm 700 1$aMonzo[']$b, Quim$3AF00012441$4070$0423929 801 0$aIT$bUNISOB$c20210216$gRICA 850 $aUNISOB 852 $aUNISOB$j860$m113749 912 $aSOB019551 940 $aM 102 Monografia moderna SBN 941 $aM 957 $a860$b000444$gSI$d113749$rACQUISTO$1Spinosa$2UNISOB$3UNISOB$420210216094314.0$520210216094325.0$6Spinosa 996 $aGasolina$91676683 997 $aUNISOB